00859nac a22002291u 4500010001700000020003900017020002200056035002300078082001500101090001500116100003400131245009300165246005000258260003500308300002600343504006600369650003100435650002900466942001700495999001500512952010200527 a 2002726893 a1853836311 (hardback : alk. paper) a1853837407 (pbk.) a(OCoLC)ocm40799003 a327bEd951 c2126d2126 aEdwards, Michael, 10aFuture positive :binternational co-operation in the 21st century /cby Michael Edwards.30aInternational cooperation in the 21st century aLondon :bEarthscan,1999c1999 axii, 292 p. ;c22 cm. aIncludes bibliographical references (p. [234]-285) and index. 0aInternational cooperation. 0aInternational relations. cBBk327Ed951 c2126d2126 00104070aMAINbMAINc1STd2011-02-07ePurchasel0o327 EDWp000002238r2025-07-15 00:00:00yBB